| 000 | 00664nam a2200229 u 4500 | ||
|---|---|---|---|
| 005 | 20241024063720.0 | ||
| 008 | 100212s2002 r 000 0 eng d | ||
| 020 | _a8427114486 | ||
| 035 | _aUPN01000174706 | ||
| 049 | _aCG | ||
| 050 | 4 |
_aBF575 S3.9 _bLL3.2 2002 |
|
| 100 | 1 | _aLlanos López, Elena | |
| 245 | 1 | 0 |
_aAmate y sé feliz / _cElena Llanos López. |
| 250 | _a9a ed. | ||
| 260 |
_aBilbao, Esp. : _bMensajero, _c2002. |
||
| 300 | _a169 p. | ||
| 440 | 0 |
_aBolsillo mensajero ; _v112 _pPsicología |
|
| 650 | 4 |
_aAutoestima _92906 |
|
| 650 | 4 |
_aAUTORREALIZACION (PSICOLOGIA) _94106 |
|
| 650 | 4 |
_aFelicidad _xAspectos psicológicos _98784 |
|
| 905 | _aLibro | ||
| 999 |
_c146810 _d146810 |
||